[Event "IND-chT (Women) 19th"]
[Site "Jalgaon"]
[Date "2022.04.13"]
[Round "6.4"]
[White "Priyanka, K."]
[Black "Shah, Garvi"]
[Result "1-0"]
[WhiteElo "2179"]
[BlackElo "1084"]
[PlyCount "41"]
[EventDate "2022.04.08"]
[EventType "team-swiss"]
[EventRounds "6"]
[EventCountry "IND"]
[SourceTitle "CBM 208 Extra"]
[Source "ChessBase"]
[SourceDate "2022.07.31"]
[SourceVersion "1"]
[SourceVersionDate "2022.07.31"]
[SourceQuality "1"]
[WhiteTeam "Airports Authority (W)"]
[BlackTeam "Gujarat (W)"]
[WhiteTeamCountry "IND"]
[BlackTeamCountry "IND"]

1. e4 c5 2. Nf3 d6 3. d4 cxd4 4. Nxd4 Nf6 5. Nc3 g6 6. Bg5 Bg7 7. Bb5+ Bd7 8. Qe2 Nc6 9. 0-0-0 Nxd4 10. Rxd4 Qa5 11. Bxf6 Bxf6 12. Bxd7+ Kxd7 13. Rd5 Qb6 14. e5 Bg5+ 15. Kb1 Bh6 16. exd6 e6 17. Rb5 Qc6 18. Ne4 b6 19. Rd1 Bg7 20. Qf3 f5 21. Nc5+ 1-0